| 000 | 00437nam a2200169Ia 4500 | ||
|---|---|---|---|
| 008 | 230524s9999 xx 000 0 und d | ||
| 082 |
_a612 _bVAS |
||
| 100 |
_aD.M.Vasudevan _923858 |
||
| 245 | 0 | _aTextbook of Biochemistry (for Medical Students) | |
| 250 | _a4TH | ||
| 260 |
_aNEW DELHI _bJaypee _c2005 |
||
| 300 | _aXVI;511 | ||
| 500 | _aQuantity Number: 1 | ||
| 650 | _aBiomedical | ||
| 700 |
_a Sreekumari S _923859 |
||
| 942 | _cBK | ||
| 999 |
_c35329 _d35329 |
||